Sports Quiz

Random Sports or MLB Quiz
Score 0/121 Timer 10:00
1 Play Today
Category Player % Correct
LossesCy Young
70.7%
Home RunsOzzie Smith
67.1%
Batting AverageOzzie Smith
67.1%
Slugging PercentageOzzie Smith
67.1%
On-base Plus Slg (OPS)Ozzie Smith
67.1%
Strikeouts (as Batter)Reggie Jackson
65.6%
Batting AverageReggie Jackson
65.6%
LossesWalter Johnson
61.9%
LossesNolan Ryan
58.7%
Winning PercentageNolan Ryan
58.7%
Strikeouts (as Batter)Mickey Mantle
53.6%
Stolen BasesTed Williams
50.9%
On-Base PercentageBrooks Robinson
48.2%
Winning PercentageDennis Eckersley
46.5%
WinsSandy Koufax
45.2%
Stolen BasesMike Piazza
45.1%
ERA (Highest)Mike Mussina
44.8%
Stolen BasesHarmon Killebrew
43.7%
Batting AverageHarmon Killebrew
43.7%
Strikeouts (as Batter)Derek Jeter
43.3%
Strikeouts (as Batter)Mike Schmidt
42.8%
Batting AverageMike Schmidt
42.8%
Strikeouts (as Batter)Jim Thome
40.4%
Winning PercentageLee Smith
39.7%
Winning PercentageGoose Gossage
39.4%
WinsGoose Gossage
39.4%
Winning PercentageRollie Fingers
39.2%
WinsRollie Fingers
39.2%
Winning PercentageBruce Sutter
38.3%
WinsBruce Sutter
38.3%
LossesPhil Niekro
36.5%
ERA (Highest)Tom Glavine
35.1%
Stolen BasesWillie Stargell
34.7%
Strikeouts (as Batter)Willie Stargell
34.7%
Stolen BasesTed Simmons
33.2%
LossesDon Sutton
33%
Stolen BasesJim Thome
32.9%
Strikeouts (as Batter)Craig Biggio
31.8%
On-Base PercentageAndre Dawson
31.3%
Batting AverageBill Mazeroski
31.3%
On-Base PercentageBill Mazeroski
31.3%
Category Player % Correct
On-base Plus Slg (OPS)Bill Mazeroski
31.3%
Slugging PercentagePhil Rizzuto
31.2%
On-base Plus Slg (OPS)Phil Rizzuto
31.2%
LossesGaylord Perry
29.7%
LossesWarren Spahn
29.7%
On-Base PercentageErnie Banks
29%
Batting AverageGary Carter
28.5%
On-Base PercentageIvan Rodriguez
28.2%
Strikeouts (as Batter)Ken Griffey Jr.
27.7%
Stolen BasesWade Boggs
27.1%
Home RunsFrank Chance
27.1%
Home RunsJohnny Evers
27%
Slugging PercentageJohnny Evers
27%
On-base Plus Slg (OPS)Johnny Evers
27%
Batting AverageJoe Tinker
26.8%
On-Base PercentageJoe Tinker
26.8%
Slugging PercentageJoe Tinker
26.8%
On-base Plus Slg (OPS)Joe Tinker
26.8%
Winning PercentageTrevor Hoffman
26.7%
Strikeouts (as Batter)Lou Brock
26.5%
WinsHoyt Wilhelm
26.2%
Strikeouts (as Batter)Tony Perez
26.2%
Batting AverageLuis Aparicio
26.2%
On-Base PercentageLuis Aparicio
26.2%
Slugging PercentageLuis Aparicio
26.2%
On-base Plus Slg (OPS)Luis Aparicio
26.2%
WinsDizzy Dean
25.5%
ERA (Highest)Jack Morris
25.4%
WinsLee Smith
24.5%
Stolen BasesRalph Kiner
24.4%
Home RunsDeacon White
23.9%
LossesRobin Roberts
22.8%
Home RunsLloyd Waner
22.6%
Stolen BasesRoy Campanella
21.9%
Home RunsRabbit Maranville
20.9%
Batting AverageRabbit Maranville
20.9%
On-Base PercentageRabbit Maranville
20.9%
Slugging PercentageRabbit Maranville
20.9%
On-base Plus Slg (OPS)Rabbit Maranville
20.9%
WinsTrevor Hoffman
19.5%
LossesPud Galvin
19.1%
Category Player % Correct
SO/9 (lowest)Pud Galvin
19.1%
WinsMariano Rivera
18.4%
ERA (Highest)Early Wynn
18.3%
Stolen BasesErnie Lombardi
18.2%
Home RunsRay Schalk
18%
Batting AverageRay Schalk
18%
Slugging PercentageRay Schalk
18%
On-base Plus Slg (OPS)Ray Schalk
18%
WinsAddie Joss
17.3%
ERA (Highest)Red Ruffing
17.2%
ERA (Highest)Waite Hoyt
16.2%
SO/9 (lowest)Waite Hoyt
16.2%
Winning PercentageTed Lyons
15.4%
ERA (Highest)Ted Lyons
15.4%
SO/9 (lowest)Ted Lyons
15.4%
LossesEppa Rixey
13.2%
Winning PercentageEppa Rixey
13.2%
SO/9 (lowest)Eppa Rixey
13.2%
ERA (Highest)Herb Pennock
12.8%
SO/9 (lowest)Herb Pennock
12.8%
Home RunsRick Ferrell
12.7%
Home RunsRoger Bresnahan
12.5%
ERA (Highest)Burleigh Grimes
12.1%
SO/9 (lowest)Burleigh Grimes
12.1%
Winning PercentageRube Marquard
11.9%
SO/9 (lowest)Red Faber
11.6%
Home RunsMonte Ward
11.4%
On-Base PercentageMonte Ward
11.4%
Slugging PercentageMonte Ward
11.4%
On-base Plus Slg (OPS)Monte Ward
11.4%
ERA (Highest)Jesse Haines
11.1%
SO/9 (lowest)Jesse Haines
11.1%
On-Base PercentageBobby Wallace
10.8%
Slugging PercentageBobby Wallace
10.8%
On-base Plus Slg (OPS)Bobby Wallace
10.8%
Home RunsHughie Jennings
10.7%
SO/9 (lowest)Joe McGinnity
10.6%
Slugging PercentageDave Bancroft
9.9%
SO/9 (lowest)Stan Coveleski
9.9%
Remove Ads.
Support Sporcle.
Get the best of Sporcle when you Go Orange. This ad-free experience offers more features, more stats, and more fun while also helping to support Sporcle. Thank you for becoming a member.

You're not logged in!

Compare scores with friends on all Sporcle quizzes.
OR
Log In

Sporcle TV

Today on Sporcle TV


Watch our educational content, quiz creation guides, and fun videos on Sporcle TV.

Show Comments

Extras

Top Quizzes Today


Score Distribution

Paid Content

Your Account Isn't Verified!

In order to create a playlist on Sporcle, you need to verify the email address you used during registration. Go to your Sporcle Settings to finish the process.

Report this User

Report this user for behavior that violates our Community Guidelines.

Details: